000 00253nam a2200109Ia 4500
005 20251222154419.0
008 251222s9999||||xx |||||||||||||| ||spa||
082 _a944.05/M61
100 _a"Minguez Sender, José M."
245 0 _aNapoleón
942 _cLIB
999 _c35964
_d35964